[Event "Hamburg-chA"]
[Site "Hamburg"]
[Date "2018.05.20"]
[Round "2"]
[White "Pavlovic, Renato"]
[Black "Sharma, Rishi"]
[Result "1-0"]
[WhiteElo "1434"]
[BlackElo "1769"]
[PlyCount "39"]
[EventDate "2018.05.19"]
[EventType "swiss"]
[EventRounds "7"]
[EventCountry "GER"]
[SourceTitle "EXT 2020"]
[Source "ChessBase"]
[SourceDate "2019.10.17"]
[SourceVersion "1"]
[SourceVersionDate "2019.10.17"]
[SourceQuality "1"]

1. f4 c5 2. Nf3 Qc7 3. e3 Nc6 4. Be2 e5 5. fxe5 Nxe5 6. 0-0 d5 7. b3 Nf6 8. Bb2 Bd6 9. Bb5+ Nfd7 10. h3 0-0 11. Nc3 Nf6 12. Nh4 c4 13. Rxf6 gxf6 14. Nxd5 Qd8 15. Qh5 Be6 16. Bxc4 b5 17. Rf1 Bxd5 18. Bxd5 Rc8 19. Nf5 Re8 20. Bxe5 1-0

[Event "Hamburg CC Easter op 4th"]
[Site "Hamburg"]
[Date "2018.04.02"]
[Round "7"]
[White "Sharma, Rishi"]
[Black "Popist, Florian"]
[Result "1/2-1/2"]
[WhiteElo "1765"]
[BlackElo "1847"]
[PlyCount "83"]
[EventDate "2018.03.30"]
[EventType "swiss"]
[EventRounds "7"]
[EventCountry "GER"]
[SourceTitle "CBM 183 Extra"]
[Source "ChessBase"]
[SourceDate "2018.04.19"]
[SourceVersion "1"]
[SourceVersionDate "2018.04.19"]
[SourceQuality "1"]

1. Nf3 d5 2. c4 e6 3. b3 Nf6 4. Bb2 Be7 5. e3 0-0 6. Be2 b6 7. cxd5 Nxd5 8. 0-0 Bb7 9. Na3 c5 10. d3 Nc6 11. Qd2 Bf6 12. Bxf6 Qxf6 13. Rac1 Rfd8 14. Nb5 Rd7 15. Nc3 Nxc3 16. Qxc3 Rad8 17. Qxf6 gxf6 18. Rfd1 Ba6 19. Rd2 Bxd3 20. Bxd3 Rxd3 21. Rcd1 Rxd2 22. Rxd2 Rxd2 23. Nxd2 Kf8 24. Kf1 Ke7 25. Ke2 f5 26. a3 f6 27. f3 a6 28. Kd3 Ne5+ 29. Kc3 Kd6 30. Nc4+ Nxc4 31. bxc4 Kc6 32. a4 b5 33. a5 b4+ 34. Kd3 Kd6 35. g3 e5 36. f4 e4+ 37. Kd2 Ke6 38. Kc2 Kf7 39. h3 Kg6 40. Kd2 h6 41. Kc2 h5 42. h4 1/2-1/2

[Event "Hamburg CC Easter op 4th"]
[Site "Hamburg"]
[Date "2018.03.30"]
[Round "2"]
[White "Richter, Jordi"]
[Black "Sharma, Rishi"]
[Result "1-0"]
[WhiteElo "1489"]
[BlackElo "1765"]
[PlyCount "91"]
[EventDate "2018.03.30"]
[EventType "swiss"]
[EventRounds "7"]
[EventCountry "GER"]
[SourceTitle "CBM 183 Extra"]
[Source "ChessBase"]
[SourceDate "2018.04.19"]
[SourceVersion "1"]
[SourceVersionDate "2018.04.19"]
[SourceQuality "1"]

1. d4 e6 2. Nf3 Nf6 3. Bf4 c5 4. e3 Nc6 5. c3 cxd4 6. exd4 Qb6 7. Qb3 Qxb3 8. axb3 Nh5 9. Bd2 b6 10. Na3 Na5 11. b4 Nb3 12. Rd1 Bb7 13. Be3 Bxf3 14. gxf3 d5 15. Bb5+ Kd8 16. Ba4 a5 17. b5 Bxa3 18. bxa3 Rc8 19. Rd3 Nxd4 20. Bxd4 Nf4 21. Bxb6+ Ke7 22. Re3 Ng2+ 23. Ke2 Nxe3 24. fxe3 Kf6 25. Kd3 e5 26. Rc1 Rhg8 27. Bxa5 Ra8 28. Bb4 Rxa4 29. c4 dxc4+ 30. Rxc4 Ke6 31. Kc3 Raa8 32. Kb3 Rgc8 33. Rxc8 Rxc8 34. a4 Kd5 35. a5 f5 36. a6 g5 37. b6 Kc6 38. b7 Rg8 39. Bc3 Kb6 40. Bxe5 Kxa6 41. b8Q Rxb8+ 42. Bxb8 Kb7 43. Bg3 h5 44. h4 g4 45. fxg4 fxg4 46. Kc4 1-0